| 000 | 00567nam a22001817a 4500 | ||
|---|---|---|---|
| 003 | UA-OsUOA | ||
| 001 | 17938 | ||
| 007 | ta | ||
| 008 | 20040404b un ||||| |||| 00| 0 ukr d | ||
| 100 | _aПащук І. | ||
| 942 | _cSA | ||
| 040 |
_aUA-OsUOA _cUA-OsUOA _dUA-OsUOA |
||
| 245 |
_aСлово про козацьку святиню _b[Про заповідник "Козацькі могили"] |
||
| 300 | _aС.5 | ||
| 955 | _a0 | ||
| 773 | 0 |
_w0 _tВільне слово _dРівне _d2004 _g№25/31 берез./ |
|
| 650 | 7 |
_aКозацькі Могили _2UDC |
|
| 999 |
_c304108 _d304108 |
||